LEADER 01113nam2-2200361---450- 001 990001210630203316 005 20031021163830.0 010 $a90-6191-753-0 035 $a000121063 035 $aUSA01000121063 035 $a(ALEPH)000121063USA01 035 $a000121063 1$$ eG$aral proceedings$fwell, D.C. Andrews. 100 $a20031021d--------m||y0itay0103----ba 101 0 $aita 105 $a||||||||001yy 200 1 $a<> : General Proceedings$fR.J.Jewell, D.C.Andrews 215 $a1988. - XII, 330 p. 461 1$1001000121046$12001$aEngineering for calcareous sediments 610 $aTerreni calcarei$aAnalisi$aCongressi - 1988 676 $a631.4 702 1$aANDREWS,$bD.C. 702 1$aJEWELL,$bR.J 702 1$aKHORSHID,$bM.S. 710 $aInternational conference on Calcareous sediments <1988 ; Perth>. 912 $a990001210630203316 951 $a631.4 INT$b10913 Ing. 959 $aBK 969 $aTEC 979 $aSIAV2$b10$c20031021$lUSA01$h1635 979 $aSIAV2$b10$c20031021$lUSA01$h1638 979 $aPATRY$b90$c20040406$lUSA01$h1727 997 $aUNISA LEADER 04355nam 2200817zu 450 001 9910284457303321 005 20210721060359.0 010 $a3-8394-3028-3 024 7 $a10.14361/9783839430286 035 $a(CKB)3710000000439824 035 $a(SSID)ssj0001589724 035 $a(PQKBManifestationID)16284724 035 $a(PQKBTitleCode)TC0001589724 035 $a(PQKBWorkID)12229187 035 $a(PQKB)10458605 035 $a(MiAaPQ)EBC5494403 035 $a(DE-B1597)457060 035 $a(OCoLC)945783704 035 $a(DE-B1597)9783839430286 035 $a(Au-PeEL)EBL5494403 035 $a(EXLCZ)993710000000439824 100 $a20160829d2015 uy 101 0 $ager 135 $aur||||||||||| 181 $ctxt 182 $cc 183 $acr 200 10$aDigitale Datenbanken : eine Medientheorie im Zeitalter von Big Data 205 $a1. Aufl. 210 31$a[Place of publication not identified]$cTranscript$d2015 215 $a1 online resource (390 p.) $czahlr. z.T. farb. Abb 225 0 $aDigital society Digitale Datenbanken 300 $aBibliographic Level Mode of Issuance: Monograph 327 $tFrontmatter -- $tInhalt -- $tEinleitung -- $tMedium: Zwischen Konstellationen und Konfigurationen -- $tComputer: Zwischen Oberfläche und Tiefe -- $tDatenbank: Zwischen digitalen Sammlungen und Sammlungstechnologien -- $tBanken, Basen, Reservoirs: Information Storage and Retrieval -- $tTechno-Logik: Apparaturen, Architekturen, Verfahren -- $tPhänomeno-Logik: Mediale Praktiken mit Datenbanken -- $tSchluss: Plädoyer für eine kritische Datenbankkultur -- $tLiteratur 330 $aWe have long moved on from a mere information age to the era of big data. Here, databases represent both the enormous potential for gaining knowledge of data collection and the alarming information excesses of digital culture. Furthermore, the term refers to concrete technologies and processes of gathering and accessing digital information. Media theory has to locate databases in between these very different conceptions. Marcus Burkhardt retraces the history of databases and asks how technical procedures of processing digital information determine what can be found how in databases and what knowledge can be gained through them. 330 $aWir leben längst nicht mehr nur im Informationszeitalter, sondern in der Ära von Big Data. In dieser steht die Datenbank gleichzeitig für die riesigen Erkenntnispotenziale von Informationssammlungen wie für die bedrohlichen Informationsexzesse der digitalen Medienkultur. Zudem bezeichnet der Begriff konkrete Technologien und Verfahren der Sammlung und Bereitstellung von digitalen Informationen.Zwischen diesen sehr unterschiedlichen Auffassungen gilt es, Datenbanken medientheoretisch zu verorten. Marcus Burkhardt zeichnet die Geschichte der Datenbanken nach und fragt, wie technische Verfahren der Verwaltung digitaler Informationen bedingen, was auf welche Weise in Datenbanken gefunden und durch sie gewusst werden kann. 410 0$aDigitale Gesellschaft Ser. 606 $aBig data$xSocial aspects 606 $aInformation technology$xSocial aspects 606 $aTechnological innovations$xSocial aspects 606 $aCommunication 606 $aDatabases 606 $aSociology & Social History$2HILCC 606 $aSocial Sciences$2HILCC 606 $aSocial Change$2HILCC 608 $aElectronic books. 610 $aBig Data. 610 $aComputer. 610 $aDatabase. 610 $aDigital Media. 610 $aInternet. 610 $aMedia History. 610 $aMedia Studies. 610 $aMedia Theory. 610 $aSearch Engine. 615 0$aBig data$xSocial aspects 615 0$aInformation technology$xSocial aspects 615 0$aTechnological innovations$xSocial aspects 615 0$aCommunication 615 0$aDatabases 615 7$aSociology & Social History 615 7$aSocial Sciences 615 7$aSocial Change 676 $a303.48/33 700 $aBurkhardt$b Marcus$0895051 712 02$aEU-Großprojekt Innovations-Inkubator an der Leuphana Universität Lüneburg$4fnd$4http://id.loc.gov/vocabulary/relators/fnd 801 0$bPQKB 906 $aBOOK 912 $a9910284457303321 996 $aDigitale Datenbanken$91999779 997 $aUNINA LEADER 01148nam a2200265 i 4500 001 991001806839707536 008 120319s2012 it 00 ita d 020 $a9788823833487 035 $ab14073687-39ule_inst 040 $aDip.to Scienze dell'economia$bita 082 04$a658.8002854678 100 1 $aMandelli, Andreina$0115556 245 10$aSocial mobile marketing :$bl'innovazione dell'ubiquitous marketing con device mobili, social media e realtà aumentata /$cAndreina Mandelli, Cosimo Accoto 260 $aMilano :$bEGEA,$c2012 300 $avii, 275 p. :$bill. ;$c23 cm 440 $aCultura d'impresa 504 $aBibliografia: p. 253-275 650 04$aMarketing$xImpiego dei weblog e dei telefoni cellulari 700 1 $aAccoto, Cosimo$eauthor$4http://id.loc.gov/vocabulary/relators/aut$0480770 907 $a.b14073687$b02-04-14$c13-09-12 912 $a991001806839707536 945 $aLE025 ECO 658.8 MAN01.02$g1$i2025000259485$lle025$nProf. Guido$o-$pE33.00$q-$rl$s- $t0$u17$v9$w17$x0$y.i15445872$z09-10-12 996 $aSocial mobile marketing$91141837 997 $aUNISALENTO 998 $ale025$b13-09-12$cm$da $e-$fita$git $h0$i0